ბათუმის შოთა რუსთაველის სახელმწიფო უნივერსიტეტის ბიბლიოთეკა

შავი ჭირი : (ბიბ.ჩანაწერი № 40546)

000 -ლიდერი
ფიქსირებული სიგრძის საკონტროლო ველი 01183nam a2200265Ia 4500
001 - საკონტროლო ნომერი
საკონტროლო ველი 7157
003 - საკონტროლო ნომრის იდენტიფიკატორი
საკონტროლო ველი GE_BSU
005 - ბოლო ოპერაციის თარიღი და დრო
საკონტროლო ველი 20210510201538.0
008 - ფიქსირებული სიგრძის მონაცემთა ელემენტები - ზოგადი ინფორმაცია
ფიქსირებული სიგრძის საკონტროლო ველი 181216s2013||||ge |||||||||||||| ||geo||
020 ## - წიგნის საერთაშორისო სტანდარტული ნომერი
International Standard Book Number 9789941198311.
040 ## - კატალოგიზაციის წყარო
Transcribing agency GE_BSU
041 ## - ენის კოდი
Language code of text/sound track or separate title geo
080 ## - უნივერსალური ათობითი კლასიფიკაციის ინდექსი
Universal Decimal Classification number 821.133.1-31=353.1 კ-20
100 ## - მთავარი ჩანაწერი - პიროვნების სახელი
Personal name კამიუ, ალბერ
9 (RLIN) 3087
245 ## - ცნობა სათაურის შესახებ
Title შავი ჭირი :
Remainder of title რომანი /
Statement of responsibility, etc ალბერ კამიუ ; გასტონ ბუაჩიძისა და ნესტან იორდანიშვილის თარგმანი.
264 ## - წარმოების, გამოცემის, დისტრიბუციის და სხვა ცნობები
გამოცემის, წარმოების, დისტრიბუციის... ადგილი თბილისი :
გამოცემის, წარმოების, დისტრიბუციის... სახელწოდება პალიტრა,
გამოცემის, წარმოების, დისტრიბუციის... თარიღი 2013.
300 ## - ფიზიკური აღწერა
Extent 258 გვ. ;
Dimensions 22 სმ.
490 ## - სერიის ცნობა
Series statement 50 წიგნი, რომელიც უნდა წაიკითხო სანამ ცოცხალი ხარ
Volume number/sequential designation წ. 49
653 ## - INDEX TERM--UNCONTROLLED
Uncontrolled term რომანი
653 ## - INDEX TERM--UNCONTROLLED
Uncontrolled term შავი ჭირი
700 ## - ADDED ENTRY--PERSONAL NAME
Personal name ბუაჩიძე, გასტონ
Relator term მთარგმნელი
9 (RLIN) 3088
700 ## - ADDED ENTRY--PERSONAL NAME
Personal name იორდანიშვილი, ნესტან
Relator term მთარგმნელი
9 (RLIN) 3090
942 ## - ADDED ENTRY ELEMENTS (KOHA)
Koha item type წიგნი
Source of classification or shelving scheme
ეგზემპლარები
ჩამოწერის სტატუსი დაკარგული ეგზემპლარის სტატუსი კლასიფიკაციის წყარო ან თაროზე გაწყობის სქემა დაზიანების სტატუსი არ გაიცემა მუდმივი მდებარეობა (დაცვის ადგილი) ამჟამინდელი ადგილსამყოფელი შეძენის თარიღი ღირებულება, შესყიდვის ნორმალური ფასი სრული შენახვის შიფრი შტრიხკოდი ბოლო ოპერაციის თარიღი ეგზემპლარის მიმდევრობითი ნომერი (კეტერი?) ფასის ძალაში შესვლის თარიღი ეგზემპლარის სახეობა საჯარო შენიშვნა თაროზე განთავსების ადგილი
          ბათუმის შოთა რუსთაველის სახელმწიფო უნივერსიტეტის მთავარი ბიბლიოთეკა ბათუმის შოთა რუსთაველის სახელმწიფო უნივერსიტეტის მთავარი ბიბლიოთეკა 2018-12-17 10.00 821.133.1-31=353.1 კ-20 22568 2018-12-17 22568 2018-12-17 წიგნი 10.00 ლ  
          ბათუმის შოთა რუსთაველის სახელმწიფო უნივერსიტეტის მთავარი ბიბლიოთეკა ბათუმის შოთა რუსთაველის სახელმწიფო უნივერსიტეტის მთავარი ბიბლიოთეკა 2018-12-17 10.00 821.133.1-31=353.1 კ-20 22569 2018-12-17 22569 2018-12-17 წიგნი 10.00 ლ. წიგნსაცავი
          ბათუმის შოთა რუსთაველის სახელმწიფო უნივერსიტეტის მთავარი ბიბლიოთეკა ბათუმის შოთა რუსთაველის სახელმწიფო უნივერსიტეტის მთავარი ბიბლიოთეკა 2018-12-17 10.00 821.133.1-31=353.1 კ-20 22570 2018-12-17 22570 2018-12-17 წიგნი 10.00 ლ. წიგნსაცავი
          ბათუმის შოთა რუსთაველის სახელმწიფო უნივერსიტეტის მთავარი ბიბლიოთეკა ბათუმის შოთა რუსთაველის სახელმწიფო უნივერსიტეტის მთავარი ბიბლიოთეკა 2018-12-17 10.76 821.133.1-31=353.1 კ-20 54278 2018-12-17 54278 2018-12-17 წიგნი 10.76 ლ. წიგნსაცავი